000 00281nam a2200121Ia 4500
008 191201s2010 xx 000 0 und d
100 _aHOFFMAN,Theodare
245 0 _aWriting SAP ABAP/4 Programs
260 _bTMH
_c2010
300 _a335
650 _aB.Tech(CSE)
942 _2ddc
_cBK
999 _c7165
_d7165